[Event "South Carolina op"]
[Site "Greenville"]
[Date "2006.06.23"]
[Round "1"]
[White "Studin, Damir"]
[Black "Hyde, Kevin J"]
[Result "1/2-1/2"]
[WhiteElo "2031"]
[BlackElo "1229"]
[PlyCount "119"]
[EventDate "2006.06.23"]
[EventType "swiss"]
[EventRounds "5"]
[EventCountry "USA"]
[SourceTitle "CBM 112 Extra"]
[Source "ChessBase"]
[SourceDate "2006.07.14"]
[SourceVersion "1"]
[SourceVersionDate "2006.07.14"]
[SourceQuality "1"]

1. d4 d5 2. Nf3 Bf5 3. c4 Bxb1 4. Rxb1 e6 5. a3 Nf6 6. e3 Be7 7. Be2 0-0 8. 0-0 c6 9. b4 dxc4 10. Bxc4 b5 11. Be2 a5 12. Ne5 Nd5 13. Bd2 axb4 14. axb4 f6 15. Nd3 Bd6 16. Nc5 Qe7 17. Qb3 f5 18. g3 Nd7 19. f3 Nxc5 20. dxc5 Bc7 21. e4 fxe4 22. fxe4 Nf6 23. Bf3 Kh8 24. Bg5 e5 25. Bg2 h6 26. Bxf6 Rxf6 27. Rxf6 Qxf6 28. Rf1 Qd8 29. Kh1 Qd4 30. Qf7 Ra1 31. Qf8+ Kh7 32. Qf5+ Kg8 33. Qf7+ Kh7 34. Rxa1 Qxa1+ 35. Qf1 Qxf1+ 36. Bxf1 Bd8 37. h4 g5 38. h5 g4 39. Be2 Bg5 40. Bxg4 Bd2 41. Bd7 Bxb4 42. Bxc6 Bxc5 43. Bxb5 Kg7 44. Kg2 Kf6 45. Kf3 Kg5 46. g4 Bd4 47. Bd7 Bc5 48. Ke2 Kf4 49. Kd3 Bd4 50. Bf5 Kg5 51. Kc4 Ba1 52. Kd5 Bb2 53. Ke6 Ba1 54. Kf7 Bb2 55. Kg7 Ba1 56. Be6 Bb2 57. Bf5 Ba1 58. Be6 Bb2 59. Bf5 Ba1 60. Be6 1/2-1/2